[Event "C.to Provinciale FM"]
[Site "Fermo ITA"]
[Date "2009.02.14"]
[Round "4"]
[White "Donati, Michele"]
[Black "Giobbi, Costantino"]
[Result "1/2-1/2"]
[WhiteElo "1563"]
[BlackElo "1950"]
[PlyCount "28"]
[EventDate "2009.01.31"]

1. c4 e5 2. Nc3 Nf6 3. g3 d6 4. Bg2 Be7 5. d3 O-O 6. Nf3 Nbd7 7. O-O c6 8. e3
Re8 9. Bd2 Qc7 10. Qc2 b6 11. a3 Bb7 12. Rfd1 Red8 13. Rac1 h6 14. b4 a6
1/2-1/2

[Event "C.to Provinciale FM"]
[Site "Fermo ITA"]
[Date "2009.02.14"]
[Round "4"]
[White "Morelli, Basilio"]
[Black "Pierantozzi, Stanislao"]
[Result "0-1"]
[WhiteElo "1572"]
[BlackElo "1947"]
[PlyCount "64"]
[EventDate "2009.01.31"]

1. d4 d5 2. c4 c6 3. cxd5 cxd5 4. Nc3 Nc6 5. Bf4 Nf6 6. e3 e6 7. Bd3 a6 8. Nge2
Bd6 9. O-O O-O 10. Bg5 Be7 11. f3 e5 12. Rc1 Be6 13. a3 Rc8 14. Bb1 h6 15. Bh4
g6 16. b4 Kg7 17. Bg3 Bd6 18. Bh4 g5 19. Bg3 exd4 20. Bxd6 Qxd6 21. Nxd4 Nxd4
22. Qxd4 Rc4 23. Qd3 Rfc8 24. Ba2 R4c6 25. Qd4 Qc7 26. Nxd5 Bxd5 27. Rxc6 Qxc6
28. Bxd5 Qxd5 29. Qb2 Qd3 30. e4 Rc2 31. Qe5 Qe3+ 32. Kh1 Rc1 0-1

[Event "C.to Provinciale FM"]
[Site "Fermo ITA"]
[Date "2009.02.14"]
[Round "4"]
[White "Santarelli, Enrico"]
[Black "Pescatore, Lorenzo"]
[Result "1-0"]
[WhiteElo "1882"]
[BlackElo "1837"]
[PlyCount "177"]
[EventDate "2009.01.31"]

1. d4 Nf6 2. Nf3 e6 3. Bf4 d5 4. e3 Bd6 5. Nbd2 c5 6. dxc5 Bxf4 7. exf4 Qc7 8.
g3 Qxc5 9. Bd3 Nc6 10. c3 b6 11. O-O O-O 12. Ne5 Nxe5 13. fxe5 Nd7 14. Nb3 Qe7
15. Qh5 f5 16. f4 g6 17. Qf3 Nc5 18. Bc2 Bb7 19. Nd4 Rf7 20. h4 h5 21. Rfd1 a6
22. a4 Nd7 23. Kh2 Nb8 24. Qe3 Kg7 25. b4 Qd7 26. a5 b5 27. Rac1 Re7 28. Bb3
Nc6 29. Qe1 Nxd4 30. cxd4 Rc8 31. Rc5 Rxc5 32. bxc5 Qc6 33. Kg2 Kf7 34. Kf2 Kg7
35. Ke3 Kf7 36. Kd3 Ke8 37. Kc3 Kf7 38. Kb4 Ba8 39. Rd2 Bb7 40. Rh2 Kg8 41. Qc1
Rh7 42. Bd1 Ba8 43. Qc2 Kg7 44. Rg2 Bb7 45. g4 hxg4 46. Bxg4 Kf7 47. Bd1 Rxh4
48. Qf2 Rh6 49. Rh2 Rxh2 50. Qxh2 Kg8 51. Qh6 Qe8 52. Qg5 Bc6 53. Bh5 Kg7 54.
Qf6+ Kh7 55. Be2 Kg8 56. Kc3 Qf7 57. Qg5 Qg7 58. Qd8+ Qf8 59. Qb6 Qc8 60. Kb4
Kh8 61. Qa7 Kg8 62. Qe7 Qe8 63. Qxe8+ Bxe8 64. c6 Bxc6 65. Kc5 Ba8 66. Kb6 b4
67. Bd1 g5 68. fxg5 Kg7 69. Kxa6 Kg6 70. Kb5 Kxg5 71. Kxb4 Kf4 72. Ba4 Ke3 73.
Kc5 f4 74. Bd7 f3 75. Bxe6 f2 76. Bh3 Bb7 77. Bf1 Ke4 78. a6 Bc8 79. a7 Bb7 80.
e6 Ke3 81. e7 Bc6 82. a8=Q Bxa8 83. e8=Q+ Kd2 84. Qxa8 Ke1 85. Qa6 Kd2 86. Kxd5
Kd1 87. Ke4 Kc1 88. Qa2 Kd1 89. Kd3 1-0

[Event "C.to Provinciale FM"]
[Site "Fermo ITA"]
[Date "2009.02.14"]
[Round "4"]
[White "Silvestri, Giorgio"]
[Black "Piergentili, Roberto"]
[Result "1-0"]
[WhiteElo "1832"]
[BlackElo "1787"]
[PlyCount "31"]
[EventDate "2009.01.31"]

1. d4 d5 2. c4 c6 3. Nc3 Nf6 4. Bf4 e6 5. e3 Bd6 6. Bg3 Bxg3 7. hxg3 Nbd7 8.
Qc2 e5 9. dxe5 Nxe5 10. O-O-O Qa5 11. cxd5 cxd5 12. Bb5+ Bd7 13. Bxd7+ Nexd7
14. g4 Rc8 15. Nge2 Ne4 16. Rdf1 1-0

[Event "C.to Provinciale FM"]
[Site "Fermo ITA"]
[Date "2009.02.15"]
[Round "5"]
[White "Balzano, Aldo"]
[Black "Piergentili, Roberto"]
[Result "1/2-1/2"]
[WhiteElo "1796"]
[BlackElo "1787"]
[PlyCount "57"]
[EventDate "2009.01.31"]

1. d4 d5 2. c4 c6 3. Nf3 Nf6 4. Nc3 e6 5. Bg5 h6 6. Bh4 dxc4 7. a4 Bb4 8. Qc2
Nbd7 9. e4 Qa5 10. Rc1 Bxc3+ 11. bxc3 O-O 12. Bxc4 c5 13. O-O Qc7 14. Bg3 Qd8
15. Bd6 Re8 16. e5 Nd5 17. Nd2 cxd4 18. cxd4 Qg5 19. f4 Qh5 20. Rf3 f5 21. Rcf1
N7b6 22. Bb5 Bd7 23. Bxd7 Nxd7 24. Nb3 Rac8 25. Qd2 N7b6 26. Nc5 Nc4 27. Qe2
Na5 28. Qe1 b6 29. Nb3 1/2-1/2

[Event "C.to Provinciale FM"]
[Site "Fermo ITA"]
[Date "2009.02.15"]
[Round "5"]
[White "Balzano, Filli"]
[Black "Marinucci, Johnny"]
[Result "0-1"]
[WhiteElo "1756"]
[BlackElo "1749"]
[PlyCount "37"]
[EventDate "2009.01.31"]

1. e4 Nf6 2. e5 Nd5 3. d4 d6 4. Nf3 Bg4 5. Be2 Nc6 6. exd6 cxd6 7. h3 Bh5 8.
O-O e6 9. a3 Be7 10. c4 Nf6 11. Nc3 d5 12. c5 O-O 13. Re1 a5 14. Na4 Nd7 15.
Be3 Qc7 16. Bb5 Bf6 17. Bxc6 Qxc6 18. Nc3 Qa6 19. b3 0-1

[Event "C.to Provinciale FM"]
[Site "Fermo ITA"]
[Date "2009.02.15"]
[Round "5"]
[White "Guglielmi, Dante"]
[Black "Giri, Giovanni"]
[Result "1-0"]
[WhiteElo "1900"]
[BlackElo "1827"]
[PlyCount "85"]
[EventDate "2009.01.31"]

1. c4 Nf6 2. Nc3 g6 3. g3 Bg7 4. Bg2 O-O 5. e3 d6 6. Nge2 e5 7. O-O c6 8. d4
Qe7 9. Qc2 Re8 10. b4 e4 11. b5 Bf5 12. bxc6 bxc6 13. Ba3 Nbd7 14. Qa4 Rec8 15.
Rab1 Nf8 16. Qb4 Ne8 17. Qb7 Nd7 18. Rfe1 h5 19. Rec1 Nef6 20. h3 Nh7 21. Nf4
Ng5 22. Qb4 Nf3+ 23. Kh1 Qg5 24. h4 Qh6 25. Qb2 g5 26. hxg5 Nxg5 27. Qc2 h4 28.
gxh4 Qxh4+ 29. Kg1 Nf6 30. Nce2 Ng4 31. Ng3 Qh2+ 32. Kf1 Nxe3+ 33. fxe3 Qxg3
34. Qf2 Qxf2+ 35. Kxf2 c5 36. dxc5 dxc5 37. Nd5 Bf8 38. Rh1 Ne6 39. Nf6+ Kg7
40. Bb2 Kg6 41. Nxe4 Bxe4 42. Bxe4+ Kg5 43. Rbg1# 1-0

[Event "C.to Provinciale FM"]
[Site "Fermo ITA"]
[Date "2009.02.15"]
[Round "5"]
[White "Pescatore, Lorenzo"]
[Black "Pierantozzi, Stanislao"]
[Result "0-1"]
[WhiteElo "1837"]
[BlackElo "1947"]
[PlyCount "128"]
[EventDate "2009.01.31"]

1. e4 c5 2. Nc3 Nc6 3. f4 g6 4. Nf3 Bg7 5. Bb5 d6 6. Bxc6+ bxc6 7. O-O e6 8. d3
Ne7 9. Qe1 O-O 10. Qh4 f5 11. e5 Nd5 12. Qxd8 Rxd8 13. Na4 Nb6 14. Nc3 d5 15.
b3 Bf8 16. Ba3 h6 17. g3 Kf7 18. Kf2 Ba6 19. Rfd1 d4 20. Nb1 Nd5 21. Rc1 Be7
22. h4 Rh8 23. Nbd2 Rag8 24. Rh1 Ne3 25. Rac1 Rb8 26. Nf1 Nd5 27. N1d2 Rbd8 28.
Nb1 Bb5 29. Ke2 Nb4 30. Bxb4 cxb4 31. Nbd2 c5 32. Kf2 Bc6 33. Rcg1 a5 34. Rh2
a4 35. Rhh1 Ra8 36. Ra1 Ra7 37. Rhb1 Rha8 38. Rb2 Bd5 39. Ne1 g5 40. hxg5 hxg5
41. Ng2 Rh8 42. Rbb1 Kg7 43. Rh1 Rxh1 44. Rxh1 axb3 45. axb3 Ra2 46. Rc1 Kg6
47. fxg5 Bxg2 48. Nc4 Bd5 49. Nd2 Bxg5 50. Ke2 Bxd2 51. Kxd2 Bxb3 52. Kd1 Bd5
53. Ke1 Kg5 54. Kd1 Kg4 55. Ke2 b3 56. Kf1 b2 57. Re1 Kxg3 58. c3 dxc3 59. d4
cxd4 60. Rb1 Bc4+ 61. Ke1 d3 62. Rd1 Ra8 63. Rd2 b1=Q+ 64. Rd1 Rh8 0-1

[Event "C.to Provinciale FM"]
[Site "Fermo ITA"]
[Date "2009.02.15"]
[Round "6"]
[White "Giobbi, Costantino"]
[Black "Pescatore, Lorenzo"]
[Result "1/2-1/2"]
[WhiteElo "1950"]
[BlackElo "1837"]
[PlyCount "56"]
[EventDate "2009.01.31"]

1. Nf3 Nf6 2. b3 g6 3. Bb2 Bg7 4. e3 O-O 5. Be2 d6 6. O-O e5 7. d3 Be6 8. Nbd2
h6 9. c4 Nbd7 10. Qc2 Nh7 11. d4 f5 12. dxe5 dxe5 13. Rad1 Qe7 14. Nb1 Qf7 15.
Ba3 Rfd8 16. Rd2 g5 17. Rfd1 g4 18. Nh4 Nhf8 19. g3 Ng6 20. Nxg6 Qxg6 21. Be7
Re8 22. Ba3 Qf7 23. Nc3 c6 24. Bd6 e4 25. Bf4 Be5 26. Bf1 h5 27. Ne2 Qe7 28.
Nd4 Bxd4 1/2-1/2

[Event "C.to Provinciale FM"]
[Site "Fermo ITA"]
[Date "2009.02.15"]
[Round "6"]
[White "Morelli, Basilio"]
[Black "Marinucci, Johnny"]
[Result "0-1"]
[WhiteElo "1572"]
[BlackElo "1749"]
[PlyCount "100"]
[EventDate "2009.01.31"]

1. d4 Nf6 2. c4 c6 3. Nc3 d5 4. cxd5 cxd5 5. Nf3 Bf5 6. Bg5 e6 7. Nh4 Bg6 8.
Nxg6 hxg6 9. e3 Be7 10. Qb3 Qb6 11. Bb5+ Nc6 12. Rc1 Rc8 13. h3 O-O 14. O-O a6
15. Na4 Qxb5 16. Qxb5 axb5 17. Nb6 Rcd8 18. a4 bxa4 19. Nxa4 Rfe8 20. Nb6 Nd7
21. Bxe7 Rxe7 22. Na4 Ra8 23. Nc3 Nb6 24. g4 Ree8 25. Nb5 Red8 26. Kg2 Ra5 27.
Nc3 Rda8 28. g5 Nc4 29. Na4 Rxa4 30. b3 Rb4 31. bxc4 Rxc4 32. Rb1 Rb8 33. h4 b5
34. Rh1 b4 35. h5 gxh5 36. Rxh5 g6 37. Rhh1 b3 38. Kf3 Rc2 39. Rh2 b2 40. Rbh1
Kf8 41. Rh8+ Ke7 42. Rxb8 Nxb8 43. Rb1 Nc6 44. e4 Nxd4+ 45. Ke3 Nb5 46. Kd3
Rxf2 47. exd5 exd5 48. Re1+ Kd6 49. Rd1 Na3 50. Ke3 Rf5 0-1

[Event "C.to Provinciale FM"]
[Site "Fermo ITA"]
[Date "2009.02.15"]
[Round "6"]
[White "Pierantozzi, Stanislao"]
[Black "Silvestri, Giorgio"]
[Result "1-0"]
[WhiteElo "1947"]
[BlackElo "1832"]
[PlyCount "121"]
[EventDate "2009.01.31"]

1. d4 Nf6 2. c4 g6 3. Nf3 Bg7 4. Nc3 d6 5. e4 O-O 6. Be2 e5 7. O-O Nc6 8. Be3
Ng4 9. Bg5 f6 10. Bh4 Qe8 11. d5 Ne7 12. Nd2 Nh6 13. f3 g5 14. Bf2 Ng6 15. c5
Bd7 16. Nc4 dxc5 17. Bxc5 Rf7 18. h3 Nf4 19. Be3 Bf8 20. Rc1 Qc8 21. Kh2 Rg7
22. Qd2 Bb4 23. a3 Bxc3 24. Rxc3 Nf7 25. Rfc1 b6 26. Bf1 Qd8 27. Bg1 h5 28. Ne3
g4 29. g3 Nxh3 30. Bxh3 gxh3 31. Rxc7 Ng5 32. Qd1 Kh8 33. Bf2 Ba4 34. R7c2 Bxc2
35. Rxc2 Rc8 36. Rd2 Rgc7 37. Nf5 Rc1 38. Qe2 Rb1 39. f4 Rcc1 40. Qxh5+ Nh7 41.
Qf3 Rh1+ 42. Qxh1 Rxh1+ 43. Kxh1 exf4 44. gxf4 Qe8 45. e5 Nf8 46. Bh4 fxe5 47.
Bf6+ Kh7 48. fxe5 Qg6 49. Rf2 Nd7 50. Bg7 Nc5 51. d6 Ne6 52. Bf6 Nf8 53. Kh2
Ne6 54. d7 Qf7 55. d8=Q Nxd8 56. Bxd8 Qe8 57. Bf6 Qe6 58. Kxh3 Qb3+ 59. Kg4
Qc4+ 60. Rf4 Qd3 61. Kg5 1-0

[Event "C.to Provinciale FM"]
[Site "Fermo ITA"]
[Date "2009.02.15"]
[Round "6"]
[White "Santarelli, Enrico"]
[Black "Guglielmi, Dante"]
[Result "1/2-1/2"]
[WhiteElo "1882"]
[BlackElo "1900"]
[PlyCount "57"]
[EventDate "2009.01.31"]

1. d4 d5 2. Nf3 Nf6 3. Bf4 e6 4. e3 Be7 5. h3 Nbd7 6. Bd3 O-O 7. Nbd2 c5 8. c3
b6 9. Rc1 Bb7 10. O-O Ne4 11. Ne5 Nxd2 12. Qxd2 Nxe5 13. Bxe5 Bd6 14. Bxd6 Qxd6
15. f4 f6 16. Qe2 e5 17. Qh5 e4 18. Be2 g6 19. Qh6 cxd4 20. cxd4 Rac8 21. h4 f5
22. h5 Qe6 23. hxg6 Qxg6 24. Qxg6+ hxg6 25. g4 Kf7 26. g5 Ke7 27. Kg2 Rh8 28.
Kg3 Kd6 29. Kg2 1/2-1/2

[Event "Open Inverno"]
[Site "Ceriano Laghetto ITA"]
[Date "2009.02.03"]
[Round "1"]
[White "Bertuolo, Sergio"]
[Black "Cervini, Gian Piero"]
[Result "1-0"]
[WhiteElo "1517"]
[BlackElo "1819"]
[PlyCount "81"]
[EventDate "2009.02.03"]

1. e4 g6 2. Nf3 Bg7 3. d4 d6 4. Be2 Nf6 5. Nc3 O-O 6. Rb1 c5 7. d5 e6 8. O-O
exd5 9. exd5 b6 10. a4 Na6 11. Be3 Nb4 12. Bc4 Bf5 13. Ne1 Ng4 14. Bf4 Re8 15.
Nd3 Ne5 16. Bb5 Re7 17. Nxb4 cxb4 18. Na2 b3 19. cxb3 Bxb1 20. Qxb1 a6 21. Be2
b5 22. Nb4 Qd7 23. Nc6 Nxc6 24. dxc6 Qc7 25. Qd3 Be5 26. Bg5 f6 27. Qd5+ Kg7
28. Be3 Bxb2 29. a5 Rc8 30. Qd2 Ba3 31. Bh6+ Kh8 32. Bf3 Re5 33. b4 d5 34. Bf4
Qxc6 35. Bxe5 fxe5 36. Bxd5 Qd6 37. Rd1 Bxb4 38. Qg5 Qxd5 39. Rxd5 Be7 40.
Qxe5+ Kg8 41. g3 1-0

[Event "Open Inverno"]
[Site "Ceriano Laghetto ITA"]
[Date "2009.02.03"]
[Round "1"]
[White "De Dominicis, Arrigo"]
[Black "Moioli, Ferruccio"]
[Result "1/2-1/2"]
[WhiteElo "1390"]
[BlackElo "1584"]
[PlyCount "104"]
[EventDate "2009.02.03"]

1. e4 g6 2. Bc4 d6 3. c3 Nf6 4. Qb3 e6 5. f3 a6 6. d4 Nc6 7. d5 exd5 8. Bxd5
Nxd5 9. Qxd5 Be6 10. Qd1 Qe7 11. Be3 f5 12. Nd2 O-O-O 13. Qc2 fxe4 14. fxe4 d5
15. O-O-O dxe4 16. Qxe4 Bd5 17. Qxe7 Bxe7 18. Ngf3 Bf6 19. Kb1 Rhe8 20. Bg5
Bxg5 21. Nxg5 h6 22. Ngf3 Re2 23. Rhg1 g5 24. Rde1 Rde8 25. g4 Bxf3 26. Nxf3
Rxe1+ 27. Nxe1 Re3 28. a3 Ne5 29. Ka2 Re2 30. h3 Rd2 31. Kb3 b5 32. Rg2 Rd1 33.
Re2 Nd3 34. Nxd3 Rxd3 35. Rh2 c5 36. h4 Rg3 37. hxg5 hxg5 38. Rh8+ Kb7 39. Rh7+
Kb6 40. Rh6+ Ka5 41. Rc6 c4+ 42. Ka2 Rxg4 43. Rg6 Rg1 44. Rg7 g4 45. Rg6 g3 46.
Rg5 Kb6 47. Rg6+ Kc5 48. Rxa6 Rf1 49. Rg6 Rf3 50. Rg5+ Kc6 51. Rg6+ Kd5 52.
Rg5+ Kc6 1/2-1/2

[Event "Open Inverno"]
[Site "Ceriano Laghetto ITA"]
[Date "2009.02.03"]
[Round "1"]
[White "Fusi, Claudio"]
[Black "Bencivenga, Antonio"]
[Result "1-0"]
[WhiteElo "1586"]
[BlackElo "1407"]
[PlyCount "71"]
[EventDate "2009.02.03"]

1. d4 Nf6 2. c4 b6 3. Nc3 Bb7 4. e3 e6 5. Bd3 Bxg2 6. f3 Bxh1 7. Qe2 Bd6 8. Nb5
Bb4+ 9. Nc3 O-O 10. h3 c5 11. Qh2 cxd4 12. exd4 Nc6 13. Be3 Nh5 14. Qxh1 Qf6
15. Nge2 Rad8 16. Qg2 d5 17. Bg5 Nf4 18. Nxf4 Qxd4 19. O-O-O g6 20. Nfe2 Qg7
21. Bxd8 Rxd8 22. cxd5 exd5 23. f4 Ne7 24. a3 Bc5 25. Kb1 f5 26. Bc4 Kh8 27.
Bxd5 a6 28. Na4 Be3 29. Bb3 Rb8 30. Qf3 b5 31. Nac3 b4 32. axb4 Rxb4 33. Rd8+
Ng8 34. Rxg8+ Qxg8 35. Bxg8 Bb6 36. Qd5 1-0

[Event "Open Inverno"]
[Site "Ceriano Laghetto ITA"]
[Date "2009.02.03"]
[Round "1"]
[White "Guzzetti, Luigi Enrico"]
[Black "Moroni, Luca jr"]
[Result "1-0"]
[WhiteElo "1854"]
[BlackElo "1545"]
[PlyCount "77"]
[EventDate "2009.02.03"]

1. e4 c5 2. Nf3 Nc6 3. d4 cxd4 4. Nxd4 e6 5. Nc3 Nf6 6. Be3 Be7 7. Be2 d6 8.
O-O Bd7 9. f4 O-O 10. Qd2 Rc8 11. Rad1 Re8 12. Ndb5 a6 13. Nxd6 Bxd6 14. Qxd6
e5 15. f5 Qc7 16. Qxc7 Rxc7 17. Rd2 b5 18. a3 Rb8 19. Rfd1 Na5 20. Bg5 Bc6 21.
Rd8+ Rxd8 22. Rxd8+ Ne8 23. Be3 Nc4 24. Bxc4 bxc4 25. Nd5 Rb7 26. Nb4 Bb5 27.
Nxa6 h6 28. Nb4 Kh7 29. b3 cxb3 30. cxb3 Nf6 31. Nd3 Bxd3 32. Rxd3 Nxe4 33. a4
Nf6 34. a5 e4 35. a6 exd3 36. axb7 Nd7 37. Kf2 g5 38. fxg6+ Kxg6 39. Bf4 1-0

[Event "Open Inverno"]
[Site "Ceriano Laghetto ITA"]
[Date "2009.02.03"]
[Round "1"]
[White "Kiszka, Jean Marc"]
[Black "Ronconi, Fausto"]
[Result "0-1"]
[WhiteElo "1452"]
[BlackElo "1789"]
[PlyCount "40"]
[EventDate "2009.02.03"]

1. c4 c5 2. Nc3 Nc6 3. g3 g6 4. Bg2 Bg7 5. e3 Nf6 6. Nge2 O-O 7. O-O Rb8 8. a3
b6 9. d4 cxd4 10. Nxd4 Bb7 11. Nxc6 Bxc6 12. e4 Qc7 13. Re1 Ne8 14. Bf4 d6 15.
Qd2 Bb7 16. b3 a6 17. Bh6 Nf6 18. Bxg7 Kxg7 19. Rac1 Qc5 20. a4 Ng4 0-1

[Event "Open Inverno"]
[Site "Ceriano Laghetto ITA"]
[Date "2009.02.03"]
[Round "1"]
[White "Origgio, Stefano"]
[Black "Regorda, Massimiliano"]
[Result "1-0"]
[WhiteElo "1551"]
[BlackElo "1919"]
[PlyCount "117"]
[EventDate "2009.02.03"]

1. c4 d5 2. d4 e6 3. Nc3 c5 4. cxd5 exd5 5. Nf3 Nf6 6. g3 Nc6 7. Bg2 Bg4 8. e3
cxd4 9. exd4 Bb4 10. Be3 O-O 11. O-O Qa5 12. Qb3 Rac8 13. Rfc1 Ne7 14. Ne5 Be6
15. Bf3 Nf5 16. a3 Bxc3 17. bxc3 Nxe3 18. fxe3 b5 19. Qb4 Qxb4 20. axb4 Rc7 21.
Nd3 Rfc8 22. Nc5 Nd7 23. Ra5 Nxc5 24. dxc5 Rb8 25. Rca1 Rbb7 26. e4 dxe4 27.
Bxe4 Rb8 28. Rxa7 Rcc8 29. c6 f5 30. Bf3 Rf8 31. Re7 Rbe8 32. Rxe8 Rxe8 33. c7
Rc8 34. Ra8 Kf8 35. Rxc8+ Bxc8 36. Bc6 Ke7 37. Bxb5 Kd6 38. Bd3 Kxc7 39. Kf2
Kd6 40. Ke3 Ke5 41. h4 h6 42. Bb5 g5 43. hxg5 hxg5 44. Be8 f4+ 45. gxf4+ gxf4+
46. Kf2 Be6 47. b5 Kd5 48. Kf3 Kc4 49. Kxf4 Kxc3 50. Ke5 Bc4 51. b6 Ba6 52. Bb5
Bb7 53. Kd6 Kb4 54. Bc6 Ka5 55. Kc7 Ba6 56. Bb7 Bc4 57. Bc8 Bd5 58. Bd7 Ka6 59.
Bc6 1-0

[Event "Open Inverno"]
[Site "Ceriano Laghetto ITA"]
[Date "2009.02.03"]
[Round "1"]
[White "Pellegrini, Fabio"]
[Black "Guglielmetti, Oscar"]
[Result "1-0"]
[WhiteElo "1423"]
[BlackElo "1594"]
[PlyCount "42"]
[EventDate "2009.02.03"]

1. e4 e6 2. Nf3 Nc6 3. d4 d5 4. e5 h6 5. c3 Bd7 6. Bb5 Nge7 7. O-O a6 8. Bd3
Na7 9. Na3 Ng6 10. Qb3 Rb8 11. Bxg6 fxg6 12. Nc2 Be7 13. Ne3 O-O 14. Qd1 g5 15.
Kh1 c5 16. Ng4 cxd4 17. cxd4 Nb5 18. a4 Nc7 19. Ne1 Qe8 20. f4 gxf4 21. Rxf4
Qg6 1-0

[Event "Open Inverno"]
[Site "Ceriano Laghetto ITA"]
[Date "2009.02.03"]
[Round "1"]
[White "Veronelli, Franco"]
[Black "Annoni, Tiziano"]
[Result "1-0"]
[WhiteElo "1617"]
[BlackElo "1428"]
[PlyCount "75"]
[EventDate "2009.02.03"]

1. e4 e5 2. Nf3 Nc6 3. d4 exd4 4. Bc4 d6 5. O-O Ne5 6. Nxe5 dxe5 7. c3 c5 8. f4
Be6 9. Bxe6 fxe6 10. Qh5+ Kd7 11. Qxe5 Nf6 12. cxd4 Bd6 13. Qg5 Nxe4 14. Qh5
Qf6 15. Qf3 Qf5 16. Nc3 Nxc3 17. Qxb7+ Bc7 18. bxc3 Rhb8 19. Qf3 cxd4 20. cxd4
Qf6 21. Ba3 Bb6 22. Rad1 Ke8 23. Bc5 Kf7 24. Qc6 Rc8 25. Qb5 Rab8 26. Qd7+ Kg8
27. Bxb6 axb6 28. f5 exf5 29. Rxf5 Qd8 30. Qf7+ Kh8 31. d5 Qd6 32. Rdf1 Qc5+
33. Kh1 h6 34. h3 Qc2 35. d6 Rf8 36. Qxf8+ Rxf8 37. Rxf8+ Kh7 38. d7 1-0

[Event "Open Inverno"]
[Site "Ceriano Laghetto ITA"]
[Date "2009.02.03"]
[Round "1"]
[White "Viale, Fabio"]
[Black "Nastasi, Ivano"]
[Result "1-0"]
[WhiteElo "1818"]
[BlackElo "1503"]
[PlyCount "103"]
[EventDate "2009.02.03"]

1. d4 Nf6 2. c4 e6 3. Nc3 Bb4 4. e3 d5 5. a3 Bxc3+ 6. bxc3 Ne4 7. Qc2 c5 8. Bd3
Qa5 9. Ne2 cxd4 10. Bxe4 dxe4 11. exd4 f5 12. a4 Bd7 13. Ba3 Qxa4 14. Qxa4 Bxa4
15. Bd6 Bb3 16. c5 a6 17. Rb1 Bd5 18. Nf4 g5 19. Nxd5 exd5 20. Rxb7 Nc6 21. O-O
Kd8 22. Rfb1 Rc8 23. Rg7 h6 24. Rbb7 a5 25. Rgd7+ Ke8 26. Rdc7 Kd8 27. Rxc8+
Kxc8 28. Rc7+ Kd8 29. Rxc6 Rh7 30. Ra6 Rb7 31. Rb6 Ra7 32. Rb1 a4 33. Ra1 f4
34. Kf1 a3 35. h4 a2 36. hxg5 hxg5 37. Ke2 Ra3 38. Kd2 f3 39. gxf3 exf3 40. Bg3
Kd7 41. Kc2 Kc6 42. Kb2 Ra8 43. Rxa2 Re8 44. Kb3 Kb5 45. Ra7 Re1 46. Rb7+ Kc6
47. Rg7 Kb5 48. Rxg5 Rb1+ 49. Kc2 Ra1 50. Kd3 Rd1+ 51. Ke3 Kc4 52. Kxf3 1-0

[Event "Open Inverno"]
[Site "Ceriano Laghetto ITA"]
[Date "2009.02.10"]
[Round "2"]
[White "Annoni, Tiziano"]
[Black "Kiszka, Jean Marc"]
[Result "1-0"]
[WhiteElo "1428"]
[BlackElo "1452"]
[PlyCount "91"]
[EventDate "2009.02.03"]

1. e4 c5 2. Nf3 d6 3. d4 cxd4 4. Nxd4 Nf6 5. Nc3 a6 6. Bd3 e6 7. O-O Be7 8. h3
Nbd7 9. Re1 O-O 10. a3 Qc7 11. Bg5 Qc5 12. Be3 Qc7 13. Bg5 b5 14. Re3 Qc5 15.
Nf3 Bb7 16. Qd2 Rfe8 17. b4 Qc7 18. Rd1 Rac8 19. Bf1 Rcd8 20. g4 Ne5 21. Nxe5
dxe5 22. Bd3 h6 23. Bxf6 Bxf6 24. Qe1 Rc8 25. Ne2 Bg5 26. Rf3 Re7 27. Nc1 Rd7
28. Nb3 Rcd8 29. Nc5 Rd6 30. Rb1 Rc6 31. Nxb7 Qxb7 32. Kg2 Qd7 33. Qh1 Qe7 34.
Qf1 Rc3 35. Ra1 Qb7 36. a4 Be7 37. axb5 axb5 38. Ra5 Bd6 39. Rxb5 Qe7 40. Qb1
Qd7 41. Ra5 Rb8 42. b5 Rc5 43. Qa2 Qc7 44. Ra7 Rb7 45. Rxb7 Qxb7 46. Qa6 1-0

[Event "Open Inverno"]
[Site "Ceriano Laghetto ITA"]
[Date "2009.02.10"]
[Round "2"]
[White "Bertuolo, Sergio"]
[Black "Veronelli, Franco"]
[Result "0-1"]
[WhiteElo "1517"]
[BlackElo "1617"]
[PlyCount "76"]
[EventDate "2009.02.03"]

1. e4 e5 2. Nf3 Nf6 3. Nxe5 d6 4. Nf3 Nxe4 5. Qe2 Qe7 6. d3 Nf6 7. Qxe7+ Bxe7
8. Nc3 Nc6 9. a3 Bg4 10. Nb5 O-O-O 11. Nbd4 Ne5 12. Be2 Nxf3+ 13. Nxf3 h6 14.
O-O Rhe8 15. Re1 Bf8 16. Bd2 Re7 17. h3 Bd7 18. b4 Rde8 19. Nd4 c5 20. bxc5
dxc5 21. Bf3 Rxe1+ 22. Bxe1 cxd4 23. Rb1 Bc6 24. Bxc6 bxc6 25. Bd2 Re7 26. Bf4
Nd7 27. Rb2 g5 28. Kf1 Re6 29. Bd2 Bxa3 30. Ra2 Bc5 31. Ra5 Bb6 32. Rf5 Rf6 33.
g4 Rxf5 34. gxf5 a5 35. Bc1 Nf6 36. Ba3 c5 37. f3 Nd5 38. Kg2 Ne3+ 0-1

[Event "Open Inverno"]
[Site "Ceriano Laghetto ITA"]
[Date "2009.02.10"]
[Round "2"]
[White "Conta, Diego"]
[Black "Pellegrini, Fabio"]
[Result "1-0"]
[WhiteElo "1751"]
[BlackElo "1423"]
[PlyCount "79"]
[EventDate "2009.02.03"]

1. d4 c6 2. c4 d5 3. Nc3 e6 4. Nf3 h6 5. e4 dxe4 6. Nxe4 Nf6 7. Bd3 Nxe4 8.
Bxe4 Nd7 9. O-O Nf6 10. Bc2 Bd6 11. h3 O-O 12. Ne5 Bxe5 13. dxe5 Qxd1 14. Rxd1
Nd7 15. f4 Rd8 16. b4 b6 17. Be4 Bb7 18. Be3 Rac8 19. b5 Nb8 20. a4 Rxd1+ 21.
Rxd1 Kf8 22. Bc1 Ke8 23. Ba3 a6 24. Bf3 Nd7 25. Rd6 axb5 26. cxb5 Nb8 27. g4
Rc7 28. Bb2 cxb5 29. Bxb7 Rxb7 30. axb5 Nd7 31. Rc6 Kd8 32. Ba3 Rc7 33. Be7+
Kc8 34. Bd6 Rxc6 35. bxc6 Nb8 36. c7 Nd7 37. Kf2 g6 38. Ke3 Nc5 39. h4 Na6 40.
g5 1-0

[Event "Open Inverno"]
[Site "Ceriano Laghetto ITA"]
[Date "2009.02.10"]
[Round "2"]
[White "Fusi, Claudio"]
[Black "Clerici, Samuele"]
[Result "0-1"]
[WhiteElo "1586"]
[BlackElo "1773"]
[PlyCount "116"]
[EventDate "2009.02.03"]

1. d4 d5 2. c4 c6 3. Nc3 Nf6 4. Bg5 e6 5. cxd5 cxd5 6. e3 Be7 7. Nf3 Nc6 8. Be2
O-O 9. O-O h6 10. Bh4 Bd7 11. h3 a6 12. Bg3 Rc8 13. Nd2 Ne8 14. a3 Nd6 15. f4
Nf5 16. Bf2 Na5 17. Bd3 Nd6 18. e4 dxe4 19. Ncxe4 Nc6 20. Nxd6 Bxd6 21. Qf3 Qf6
22. f5 exf5 23. Qd5 Qe6 24. Qxe6 fxe6 25. Nc4 Bc7 26. b4 b5 27. Nb2 Bb6 28. d5
Bxf2+ 29. Rxf2 exd5 30. Raf1 g6 31. Rf4 g5 32. Bxf5 gxf4 33. Bxd7 Rc7 34. Be6+
Kg7 35. Bxd5 Nd4 36. Rf2 Nc2 37. Nd3 Rd7 38. Be4 Nxa3 39. Nc5 Rd1+ 40. Kh2 Rf6
41. Nd3 Re6 42. Rxf4 Rxe4 43. Rxe4 Rxd3 44. Re7+ Kf6 45. Ra7 Rd6 46. Rh7 Kg6
47. Ra7 Nc2 48. Ra8 Nxb4 49. Rg8+ Kh7 50. Re8 Nd5 51. g4 b4 52. Rb8 Rb6 53. Rd8
Nf6 54. Rc8 b3 55. Rc7+ Kg6 56. Rc1 b2 57. Rb1 a5 58. Kg3 a4 0-1

[Event "Open Inverno"]
[Site "Ceriano Laghetto ITA"]
[Date "2009.02.10"]
[Round "2"]
[White "Origgio, Stefano"]
[Black "Napoli, Ferdinando"]
[Result "1/2-1/2"]
[WhiteElo "1551"]
[BlackElo "1731"]
[PlyCount "73"]
[EventDate "2009.02.03"]

1. d4 Nf6 2. c4 g6 3. Nc3 Bg7 4. e4 d6 5. f3 O-O 6. Be3 e5 7. Nge2 Nc6 8. d5
Ne7 9. Qd2 Ne8 10. Nc1 f5 11. Be2 f4 12. Bf2 g5 13. Nd3 Nf6 14. h4 g4 15. fxg4
Bxg4 16. Bf3 h5 17. O-O-O Kh7 18. Qe2 Bh6 19. Kb1 Rg8 20. Rdg1 Qd7 21. Be1 Rg7
22. Rf1 Rag8 23. a3 b6 24. Nb5 a6 25. Nc3 Qe8 26. Qc2 Bd7 27. Nf2 Ng4 28. Nxg4
Bxg4 29. Na2 Rg6 30. Nb4 a5 31. Na2 Bg7 32. Nc3 Bf6 33. Ka2 Kh6 34. Qd2 Kh7 35.
Qc2 Qd8 36. Rh2 R6g7 37. Rhh1 1/2-1/2

[Event "Open Inverno"]
[Site "Ceriano Laghetto ITA"]
[Date "2009.02.10"]
[Round "2"]
[White "Regorda, Massimiliano"]
[Black "De Dominicis, Arrigo"]
[Result "1-0"]
[WhiteElo "1919"]
[BlackElo "1390"]
[PlyCount "30"]
[EventDate "2009.02.03"]

1. e4 e5 2. Nf3 Nc6 3. d4 Bd6 4. Bc4 f6 5. O-O a6 6. c3 b5 7. Bb3 Qe7 8. a4 b4
9. dxe5 Nxe5 10. Nd4 c5 11. Nf5 Qf8 12. Nxd6+ Ke7 13. f4 Nf7 14. Nxf7 bxc3 15.
Nxc3 Nh6 1-0